| 000 | 01666nam a2200361 c 4500 | ||
|---|---|---|---|
| 003 | BLK | ||
| 005 | 20250801110644.0 | ||
| 008 | 180409b bul|||||r ||||||| ||bul|| | ||
| 010 | _aKNG00140149000 | ||
| 020 |
_a978-954-655-330-0 _bиздат.: Бард - на том(кн. 1) |
||
| 040 | _aBLK | ||
| 041 |
_aBUL _cBUL |
||
| 072 | 7 |
_2bullib _aН83 _xЧужда художествена литература Н |
|
| 080 |
_aАнглийска литература _b821.111 _x-31 _z821.111-31 |
||
| 100 | 1 |
_aДжеймс, Е. Л. _eпърви автор _9324309 |
|
| 700 | 1 |
_aДечева, Гергана _eпрев. на англ. на том _9378634 |
|
| 139 |
_aДжеймс, Е. Л. _bД 50 |
||
| 245 | 1 | 0 |
_aПетдесет нюанса _bКн. 1 - 3 _cЕ. Л. Джеймс; прев. на англ. на том Гергана Дечева. _nКн. 1 _pСиво |
| 257 | _aGBR | ||
| 260 |
_аСофия _c2012 _fСофия : Мултипринт |
||
| 300 | _c21 см | ||
| 380 | _aX | ||
| 500 | _aЕ. Л. Джеймс - псевд. на Erika Leonard. - Офс. изд. | ||
| 653 | _aромани | ||
| 659 | _aН | ||
| 760 | 1 |
_3- на том(кн. 1) _aДжеймс, Е. Л. _dБард, 2012 _h496 с. _nОриг. загл. Fifty Shades of Grey / E. L. James. - Кн. 1 от трилогията Петдесет нюанса. - Името на прев. отбелязано на гърба на предзагл. с. _tКн. 1 Сиво |
|
| 852 | _aЦб 258559 | ||
| 856 | 4 |
_qpdf _u |
|
| 856 | 4 |
_qpdf _u |
|
| 942 |
_cKNG _n0 _083 |
||
| 944 |
_aCR _c28.02.2013 _lРусанова Ирена _k30542 |
||
| 944 |
_aED _c20.02.2014 _lф / _k |
||
| 999 |
_c134242 _d134242 |
||